| 000 -LEADER |
| fixed length control field |
05183cam a22005655i 4500 |
| 001 - CONTROL NUMBER |
| control field |
21664502 |
| 003 - CONTROL NUMBER IDENTIFIER |
| control field |
ASAB |
| 005 - DATE AND TIME OF LATEST TRANSACTION |
| control field |
20260112154311.0 |
| 006 - FIXED-LENGTH DATA ELEMENTS--ADDITIONAL MATERIAL CHARACTERISTICS |
| fixed length control field |
m |o d | |
| 007 - PHYSICAL DESCRIPTION FIXED FIELD--GENERAL INFORMATION |
| fixed length control field |
cr ||||||||||| |
| 008 - FIXED-LENGTH DATA ELEMENTS--GENERAL INFORMATION |
| fixed length control field |
160801s2016 gw |||| o |||| 0|eng |
| 010 ## - LIBRARY OF CONGRESS CONTROL NUMBER |
| LC control number |
2019741047 |
| 020 ## - INTERNATIONAL STANDARD BOOK NUMBER |
| International Standard Book Number |
9783319344515 |
| 024 7# - OTHER STANDARD IDENTIFIER |
| Standard number or code |
10.1007/978-3-319-34451-5 |
| Source of number or code |
doi |
| 035 ## - SYSTEM CONTROL NUMBER |
| System control number |
21664502 |
| 035 ## - SYSTEM CONTROL NUMBER |
| System control number |
(DE-He213)978-3-319-34451-5 |
| 040 ## - CATALOGING SOURCE |
| Original cataloging agency |
DLC |
| Language of cataloging |
eng |
| Description conventions |
pn |
| -- |
rda |
| Transcribing agency |
DLC |
| 072 #7 - SUBJECT CATEGORY CODE |
| Subject category code |
TVB |
| Source |
bicssc |
| 072 #7 - SUBJECT CATEGORY CODE |
| Subject category code |
TEC003000 |
| Source |
bisacsh |
| 072 #7 - SUBJECT CATEGORY CODE |
| Subject category code |
TVB |
| Source |
thema |
| 082 04 - DEWEY DECIMAL CLASSIFICATION NUMBER |
| Classification number |
630 |
| Edition number |
23 |
| 245 00 - TITLE STATEMENT |
| Title |
Soil Science: Agricultural and Environmental Prospectives / |
| Statement of responsibility, etc. |
edited by Khalid Rehman Hakeem, Javaid Akhtar, Muhammad Sabir. |
| 250 ## - EDITION STATEMENT |
| Edition statement |
1st ed. 2016. |
| 264 #1 - PRODUCTION, PUBLICATION, DISTRIBUTION, MANUFACTURE, AND COPYRIGHT NOTICE |
| Place of production, publication, distribution, manufacture |
Cham : |
| Name of producer, publisher, distributor, manufacturer |
Springer International Publishing : |
| -- |
Imprint: Springer, |
| Date of production, publication, distribution, manufacture, or copyright notice |
2016. |
| 300 ## - PHYSICAL DESCRIPTION |
| Extent |
1 online resource (XV, 430 pages 38 illustrations, 25 illustrations in color.) |
| 336 ## - CONTENT TYPE |
| Content type term |
text |
| Content type code |
txt |
| Source |
rdacontent |
| 337 ## - MEDIA TYPE |
| Media type term |
computer |
| Media type code |
c |
| Source |
rdamedia |
| 338 ## - CARRIER TYPE |
| Carrier type term |
online resource |
| Carrier type code |
cr |
| Source |
rdacarrier |
| 347 ## - DIGITAL FILE CHARACTERISTICS |
| File type |
text file |
| Encoding format |
PDF |
| Source |
rda |
| 505 0# - FORMATTED CONTENTS NOTE |
| Formatted contents note |
Preface -- Foreword -- Dedication -- Chapter 1: An Appraisal of Conservation Tillage on the Soil Physical Properties -- Chapter 2: Degraded soils: Origin, types and management -- Chapter 3: Nitrogen Management in Rice-Wheat Cropping System in Salt-Affected Soils -- Chapter 4: Management of Acid Sulfate Soils for sustainable rice cultivation in Malaysia -- Chapter 5: Petroleum hydrocarbons-contaminated soils: Remediation approaches -- Chapter 6: Environmental Impacts of Nitrogen Use in Agriculture, Nitrate Leaching and Mitigation Strategies -- Chapter 7: Potassium for Sustainable Agriculture -- Chapter 8: Weathering and Approaches to Evaluation of Weathering Indices for Soil Profile Studies - An Overview -- Chapter 9: Pesticides Pollution in Agricultural Soils of Pakistan -- Chapter 10: Iron Biofortification of Cereals Grown under Calcareous Soils: Problems and Solutions -- Chapter 11: Boron Toxicity in Salt-Affected Soils and Effects on Plants -- Chapter 12: Silicon: a beneficial nutrient under salt stress, its uptake mechanism and mode of action -- Chapter 13: Soil Micro Flora- An Extensive Research -- Chapter 14: Arbuscular Mycorrhizal Fungi Boon for Plant Nutrition and Soil Health -- Chapter 15: Azotobacter chroococcum - Potential Biofertilizer in Agriculture: An Overview -- Chapter 16: Sources and Composition of Waste Water: Threats to Plants and Soil Health -- Chapter 17: Soil Amendments for Heavy Metal Immobilization Using Different Crops -- Chapter 18: Climate Change: Impacts on Carbon Sequestration, Biodiversity and Agriculture. |
| 520 ## - SUMMARY, ETC. |
| Summary, etc. |
Soil is the most important natural non-renewable resource developed over a longer period of time due to weathering of rocks and subsequently enrichment of organic matter. Soil provides habitat for numerous microorganisms and serves as a natural medium for plant growth, thereby providing the plants with anchorage, nutrients and water to sustain the growth. Soil also serves as a universal sink for all types of pollutants, purifies ground water and is a major reserve of carbon in the universe. The role of soils to provide ecosystem services, maintenance of environmental/human health and ensuring the food security makes it as the most important and basic natural resource. Soil Science helps us to elaborate and understand how the soils provide all these services. Soil Science also provides us the basic knowledge dealing with the origin of the soil parent material, weathering of parent material and the formation of soils, morphological, physico-chemical and biological features of soils, classification of soils and role of soils in the provision and maintenance of ecosystem services, food security and environmental quality. This book encompasses the various processes, functions and behaviour of soils very comprehensively to acquaint the students of soil, plant and environmental sciences about their role to perform different agricultural and environmental functions. |
| 588 ## - SOURCE OF DESCRIPTION NOTE |
| Source of description note |
Description based on publisher-supplied MARC data. |
| 650 #0 - SUBJECT ADDED ENTRY--TOPICAL TERM |
| Topical term or geographic name entry element |
Agriculture. |
| 9 (RLIN) |
25855 |
| 650 #0 - SUBJECT ADDED ENTRY--TOPICAL TERM |
| Topical term or geographic name entry element |
Soil science. |
| 9 (RLIN) |
6977 |
| 650 #0 - SUBJECT ADDED ENTRY--TOPICAL TERM |
| Topical term or geographic name entry element |
Soil conservation. |
| 650 #0 - SUBJECT ADDED ENTRY--TOPICAL TERM |
| Topical term or geographic name entry element |
Environmental chemistry. |
| 9 (RLIN) |
441 |
| 650 #0 - SUBJECT ADDED ENTRY--TOPICAL TERM |
| Topical term or geographic name entry element |
Plant breeding. |
| 9 (RLIN) |
106762 |
| 650 14 - SUBJECT ADDED ENTRY--TOPICAL TERM |
| Topical term or geographic name entry element |
Agriculture. |
| Authority record control number or standard number |
https://scigraph.springernature.com/ontologies/product-market-codes/L11006 |
| 9 (RLIN) |
25855 |
| 650 24 - SUBJECT ADDED ENTRY--TOPICAL TERM |
| Topical term or geographic name entry element |
Soil Science & Conservation. |
| Authority record control number or standard number |
https://scigraph.springernature.com/ontologies/product-market-codes/U28000 |
| 9 (RLIN) |
132551 |
| 650 24 - SUBJECT ADDED ENTRY--TOPICAL TERM |
| Topical term or geographic name entry element |
Environmental Chemistry. |
| Authority record control number or standard number |
https://scigraph.springernature.com/ontologies/product-market-codes/U15000 |
| 9 (RLIN) |
441 |
| 650 24 - SUBJECT ADDED ENTRY--TOPICAL TERM |
| Topical term or geographic name entry element |
Plant Breeding/Biotechnology. |
| Authority record control number or standard number |
https://scigraph.springernature.com/ontologies/product-market-codes/L24060 |
| 9 (RLIN) |
132751 |
| 700 1# - ADDED ENTRY--PERSONAL NAME |
| Personal name |
Hakeem, Khalid Rehman. |
| Relator term |
editor. |
| 9 (RLIN) |
132588 |
| 700 1# - ADDED ENTRY--PERSONAL NAME |
| Personal name |
Akhtar, Javaid. |
| Relator term |
editor. |
| 9 (RLIN) |
132752 |
| 700 1# - ADDED ENTRY--PERSONAL NAME |
| Personal name |
Sabir, Muhammad. |
| Relator term |
editor. |
| 9 (RLIN) |
16537 |
| 776 08 - ADDITIONAL PHYSICAL FORM ENTRY |
| Relationship information |
Printed edition: |
| International Standard Book Number |
9783319344492 |
| 776 08 - ADDITIONAL PHYSICAL FORM ENTRY |
| Relationship information |
Printed edition: |
| International Standard Book Number |
9783319344508 |
| 776 08 - ADDITIONAL PHYSICAL FORM ENTRY |
| Relationship information |
Printed edition: |
| International Standard Book Number |
9783319817132 |
| 906 ## - LOCAL DATA ELEMENT F, LDF (RLIN) |
| a |
0 |
| b |
ibc |
| c |
origres |
| d |
u |
| e |
ncip |
| f |
20 |
| g |
y-gencatlg |
| 942 ## - ADDED ENTRY ELEMENTS (KOHA) |
| Source of classification or shelving scheme |
|
| Koha item type |
Book |